Ako Grék zdvojnásobil slovenské tržby japonským tabakárom

Tabakový trh je prísne regulovaný, na Slovensku mu vládnu dve firmy americký Philip Morris a britský Imperial Tobacco. V súčasnosti sa medzi tieto dve firmy vklienila aj japonská tabaková spoločnosť Japan Tobacco Internationall.

Gespeichert in:
Bibliographische Detailangaben
1. Verfasser: Nejedlý, Tomáš
Format: Buchkapitel
Sprache:Slowakisch
Schlagworte:
Tags: Tag hinzufügen
Keine Tags, Fügen Sie das erste Tag hinzu!

MARC

LEADER 00000naa a2200000 4500
001 0226378
005 20221104112513.1
041 0 |a slo 
044 |a SK 
245 1 0 |a Ako Grék zdvojnásobil slovenské tržby japonským tabakárom  |c Tomáš Nejedlý 
520 |a Tabakový trh je prísne regulovaný, na Slovensku mu vládnu dve firmy americký Philip Morris a britský Imperial Tobacco. V súčasnosti sa medzi tieto dve firmy vklienila aj japonská tabaková spoločnosť Japan Tobacco Internationall. 
610 2 0 |a priemysel tabakový 
610 2 0 |a regulácia trhu 
610 2 0 |a Japonsko 
610 2 0 |a podnikanie 
610 2 0 |a plán podnikateľský 
100 1 |a Nejedlý, Tomáš